Etude sur les Memoires de Louis XIV pour l'instruction du Dauphin.

Uloženo v:
Podrobná bibliografie
Hlavní autor: Dreyss, Charles Louis, 1821-1905
Médium: Kniha
Jazyk:English
Vydáno: Geneve : Slatkine Reprints, 1971.
Témata:
LEADER 00873nam a2200205 i 4500
001 c000127841
003 CARM
005 00000000000000.0
008 850124s1971 sz 00000 eng d
019 1 |a 10209620  |5 LACONCORD2021 
035 |a (OCoLC)753093  |5 LACONCORD2021 
100 1 |a Dreyss, Charles Louis,  |d 1821-1905. 
245 1 0 |a Etude sur les Memoires de Louis XIV pour l'instruction du Dauphin. 
260 |a Geneve :  |b Slatkine Reprints,  |c 1971. 
300 |a ccliv p. 
500 |a "Reimpression de l'edition de Paris, 1859.". 
600 0 0 |a Louis  |b XIV,  |c King of France,  |d 1638-1715.  |t Memoires de Louis XIV pour l'instruction du Dauphin. 
852 8 |b CARM  |h A2:AF19C0  |i B01205  |p 0060275  |f BK 
999 f f |i 3831aaf3-6f70-5689-baf4-67484e321750  |s 490b13dd-ee93-5ebd-8871-c14f0b21b2eb 
952 f f |p Can circulate  |a CAVAL  |b CAVAL  |c CAVAL  |d CARM 1 Store  |e B01205  |f A2:AF19C0  |h Other scheme  |i book  |m 0060275